Datum a čas kvízu
25
Celkem bodů
Celkový počet nahraných bodů na tomto kvízu bez doplňovacích otázek.
9.
Pořadí na kvízu
Konečné umístění týmu na tomto kvízu.
Zaznamenané odpovědi
| # | Otázka | Odpověď | Body | Výsledky |
|---|---|---|---|---|
| 1. | Která 55letá česká herečka a z... | Kateřina Brožová | 1 | |
| 2. | Ve Spojených státech došlo k n... | Sněmovna reprezentantů | 0 | |
| 3. | Ve středu byla slavnostně zahá... | Berlín, Benátky, Cannes | 0 | |
| 4. | Ve středu byla v Berlíně předs... | Škoda Kodiaq | 1 | |
| 5. | Kolikátý titul v řadě mistra s... | třetí titul | 1 | |
| 6. | Téma o slavných trojicích, kte... | Toyota, Nissan, Honda | 0.5 | |
| 7. | Která tříčlenná kapela stojí z... | Green Day | 0 | |
| 8. | Na začátku které slavné původn... | Matrix | 0 | |
| 9. | Ze které části Francie pochází... | C | 1 | |
| 10. | Které společné příjmení patří... | Rachůnek | 0 |